LEADER 00902nam0-2200337---450- 001 990008146380403321 005 20050708121000.0 010 $a88-11-69307-1 020 $aIT$b94-1525 035 $a000814638 035 $aFED01000814638 035 $a(Aleph)000814638FED01 035 $a000814638 100 $a20050708d1993----km-y0itay50------ba 101 0 $aita 102 $aIT 105 $ay---n----00yy 200 1 $aMarco Aurelio$fPierre Grimal 210 $aMilano$cGarzanti$d1993 215 $a357 p.$cc. geogr$d22 cm 225 1 $aCollezione storica 300 $aTrad. di Tuckery Capra 676 $a937.07092$v20$zita 700 1$aGrimal,$bPierre$f<1912-1996>$037706 801 0$aIT$bUNINA$gRICA$2UNIMARC 901 $aBK 912 $a990008146380403321 952 $aDDR-XX Dc XIV 005$b2444 ddr$fDDR$m21-7302 959 $aDDR 996 $aMarc Aurele$950032 997 $aUNINA LEADER 01444nam--2200409---450- 001 990001083540203316 005 20090730135427.0 010 $a88-14-09043-2 035 $a000108354 035 $aUSA01000108354 035 $a(ALEPH)000108354USA01 035 $a000108354 100 $a20020605d2002----km-y0enga50------ba 101 0 $aita 102 $aIT 105 $ay|||z|||001yy 200 1 $a<> professionisti e gli artisti$easpetti costitutivi, contabili, fiscali, giuridici e previdenziali$eformulario e dizionario dei lavoratori autonomi$fRenato Dammacco, Salvatore Dammacco 210 $aMilano$cGiuffrč$d2002 215 $aXII, 306 p.$d24 cm 225 2 $aCosa & come. Diritto e pratica professionale 410 1$12001$aCosa & come. Diritto e pratica professionale 606 0 $aProfessionisti$xLegislazione 606 0 $aLavoratori autonomi$xLegislazione 676 $a344.4501712 700 1$aDAMMACCO,$bRenato$0116279 801 0$aIT$bSalbc$cISBD 912 $a990001083540203316 951 $aXXV.2.C 164 (IG III 1013)$b33386 G$cXXV.2.C 164 (IG III)$d00082268 959 $aBK 969 $aGIU 979 $aSTELLA$b10$c20020605$lUSA01$h0828 979 $aCHIARA$b90$c20020722$lUSA01$h1030 979 $aCHIARA$b90$c20020722$lUSA01$h1031 979 $aPATRY$b90$c20040406$lUSA01$h1715 979 $aRSIAV4$b90$c20090730$lUSA01$h1354 996 $aProfessionisti e gli artisti$9978717 997 $aUNISA LEADER 01223nam a22002531i 4500 001 991002941659707536 005 20030910154746.0 008 030925s1993 it |||||||||||||||||ita 035 $ab1235837x-39ule_inst 035 $aARCHE-040591$9ExL 040 $aBiblioteca Interfacoltā$bita$cA.t.i. Arché s.c.r.l. Pandora Sicilia s.r.l. 082 04$a853.7 100 1 $aPovolo, Claudio$0455127 245 13$aIl romanziere e l'archivista :$bda un processo veneziano del '600 all'anonimo manoscritto dei Promessi sposi : memoria presentata dal s.e. Vittore Branca e dal s.e. Gaetano Cozzi nell'adunanza ordinaria del 22 maggio 1993 /$cClaudio Povolo 260 $aVenezia :$bIstituto veneto di scienze lettere ed arti,$c1993 300 $a165 p. ;$c24 cm 440 0$aMemorie.$pClasse di scienze morali lettere ed arti ;$v50 650 4$aManzoni, Alessandro. I promessi sposi$xFonti archivistiche 907 $a.b1235837x$b02-04-14$c08-10-03 912 $a991002941659707536 945 $aLE002 Ann. 214/050 Liv. III$g1$i2002000181954$lle002$o-$pE0.00$q-$rl$s- $t0$u2$v2$w2$x0$y.i1276274x$z08-10-03 996 $aRomanziere e l'archivista$9158464 997 $aUNISALENTO 998 $ale002$b08-10-03$cm$da $e-$fita$git $h3$i1 LEADER 04381nam 22009135 450 001 9910805582603321 005 20250905114740.0 010 $a9783031500756 010 $a303150075X 024 7 $a10.1007/978-3-031-50075-6 035 $a(CKB)30098002900041 035 $a(MiAaPQ)EBC31083031 035 $a(Au-PeEL)EBL31083031 035 $a(DE-He213)978-3-031-50075-6 035 $a(EXLCZ)9930098002900041 100 $a20240121d2024 u| 0 101 0 $aeng 135 $aur||||||||||| 181 $ctxt$2rdacontent 182 $cc$2rdamedia 183 $acr$2rdacarrier 200 10$aAdvances in Computer Graphics $e40th Computer Graphics International Conference, CGI 2023, Shanghai, China, August 28 ? September 1, 2023, Proceedings, Part III /$fedited by Bin Sheng, Lei Bi, Jinman Kim, Nadia Magnenat-Thalmann, Daniel Thalmann 205 $a1st ed. 2024. 210 1$aCham :$cSpringer Nature Switzerland :$cImprint: Springer,$d2024. 215 $a1 online resource (522 pages) 225 1 $aLecture Notes in Computer Science,$x1611-3349 ;$v14497 311 08$a9783031500749 327 $aDetection and Recognition -- Image Analysis and Processing; Image Restoration and Enhancement; Image Attention and Perception -- Reconstruction; Rendering and Animation -- Synthesis and Generation -- Visual Analytics and Modeling; Graphics and AR/VR -- Medical Imaging and Robotics -- Theoretical Analysis; Image Analysis and Visualization in Advanced Medical Imaging Technology -- Empowering Novel Geometric Algebra for Graphics and Engineering. 330 $aThis 4-volume set of LNCS 14495-14498 constitutes the proceedings of the 40th Computer Graphics International Conference, CGI 2023, held in Shanghai, China, August 28 ? September 1, 2023. The 149 papers in this set were carefully reviewed and selected from 385 submissions. They are organized in topical sections as follows: Detection and Recognition; Image Analysis and Processing; Image Restoration and Enhancement; Image Attention and Perception; Reconstruction; Rendering and Animation; Synthesis and Generation; Visual Analytics and Modeling; Graphics and AR/VR; Medical Imaging and Robotics; Theoretical Analysis; Image Analysis and Visualization in Advanced Medical Imaging Technology; Empowering Novel Geometric Algebra for Graphics and Engineering. 410 0$aLecture Notes in Computer Science,$x1611-3349 ;$v14497 606 $aApplication software 606 $aComputer systems 606 $aComputer networks 606 $aData structures (Computer science) 606 $aInformation theory 606 $aCoding theory 606 $aComputer science 606 $aComputer and Information Systems Applications 606 $aComputer System Implementation 606 $aComputer Communication Networks 606 $aData Structures and Information Theory 606 $aCoding and Information Theory 606 $aTheory of Computation 606 $aProgramari d'aplicaciķ$2thub 606 $aSistemes informātics$2thub 606 $aXarxes d'ordinadors$2thub 606 $aEstructures de dades (Informātica)$2thub 606 $aTeoria de la informaciķ$2thub 606 $aTeoria de la codificaciķ$2thub 608 $aCongressos$2thub 608 $aLlibres electrōnics$2thub 615 0$aApplication software. 615 0$aComputer systems. 615 0$aComputer networks. 615 0$aData structures (Computer science) 615 0$aInformation theory. 615 0$aCoding theory. 615 0$aComputer science. 615 14$aComputer and Information Systems Applications. 615 24$aComputer System Implementation. 615 24$aComputer Communication Networks. 615 24$aData Structures and Information Theory. 615 24$aCoding and Information Theory. 615 24$aTheory of Computation. 615 7$aProgramari d'aplicaciķ 615 7$aSistemes informātics 615 7$aXarxes d'ordinadors 615 7$aEstructures de dades (Informātica) 615 7$aTeoria de la informaciķ 615 7$aTeoria de la codificaciķ 676 $a929.605 702 $aSheng$b Bin$f1981 July- 801 0$bMiAaPQ 801 1$bMiAaPQ 801 2$bMiAaPQ 906 $aBOOK 912 $a9910805582603321 996 $aAdvances in Computer Graphics$9772590 997 $aUNINA